| 000 | 00783cab a2200229 4500 | ||
|---|---|---|---|
| 001 | WB2909-48 | ||
| 008 | 090401t1993 xxu||||| |||| 00| 0 eng d | ||
| 035 | _a(Sirsi) u63190 | ||
| 041 | _aeng | ||
| 245 | _aRICS gives bigger firms a new voice | ||
| 260 | _c1993 | ||
| 350 | _a0 | ||
| 490 |
_aEstates Times _v(1178) 26 February 1993, 1(1) |
||
| 520 | _aManaging partners of surveying firms with more than 200 personnel have been invited to an exploratory meeting at the RICS with the aims of setting up a panel representing the interests of large firms. | ||
| 650 | _aABOUT RICS-RICS MEMBERS | ||
| 650 | _aLARGE FIRMS | ||
| 650 | _aRICS | ||
| 650 | _aSKILLS PANELS | ||
| 690 | _aMANAGEMENT-BUSINESS MANAGEMENT-PROFESSIONAL PRACTICE | ||
| 942 | _n0 | ||
| 948 | _c04/03/1997 | ||
| 999 |
_c39290 _d39290 |
||